| 000 | 00393nam a22001697a 4500 | ||
|---|---|---|---|
| 003 | OSt | ||
| 005 | 20210929085908.0 | ||
| 008 | 210929b |||||||| |||| 00| 0 eng d | ||
| 020 | _a8173812519 | ||
| 040 | _cHU | ||
| 082 | _a537/CHA | ||
| 100 |
_aD CHATTOPADHYAY _97791 |
||
| 245 | _aELECTRICAITY and MAGNETISM | ||
| 260 |
_aLONDON _b (P) Ltd _c2013 |
||
| 300 | _a640 | ||
| 942 |
_2ddc _cBOOKS _n0 |
||
| 999 |
_c7292 _d7292 |
||